Emilia y el aprendiz de mago / (Registro nro. 12435)

Detalles MARC
000 -LIDER
fixed length control field 00791nam a22002417a 4500
001 - NÚMERO DE CONTROL
Identificador de número de control 002145875789
003 - IDENTIFICACDOR DE NÚMERO DE CONTROL
control field DO-SdBNP
005 - DATE AND TIME OF LATEST TRANSACTION
control field 20180221094052.0
007 - CAMPOS FIJOS DE DESCRIPCIÓN FÍSICA
fixed length control field 002145875789
008 - ELEMENTOS DE LONGITUD FIJA
fixed length control field 161214b 2006 enk a ||||| |||| 00| 0 spa d
020 ## - ISBN
International Standard Book Number 235024055X
040 ## - FUENTE DE CATALOGACIÓN
Agencia que crea de manera original el registro BPMSU
Idioma de catalogación spa
Agencia que realiza la transcripción BPMSU
100 1# - ASIENTO PRINCIPAL -- NOMBRE PERSONAL
Nombre personal Schmid, Franck
Fechas asociadas con el nombre
245 10 - MENCIÓN DE TITULO
Título Emilia y el aprendiz de mago /
Mención de responsabilidad Franck Schmid ; illustrations, Corinne Binois ; Traduit du Français par Angeles Testera.
260 ## - PUBLICACIÓN, DISTRIBUCIÓN, ETC. (PIE DE IMPRENTA)
Lugar de publicación, distribución, etc Étampes, Francia :
Nombre del editor, distribuidor, etc. Lire c'est partir,
Fecha de publicación, distribución, etc 2006
300 ## - DESCRIPCIÓN FÍSICA
Extensión 123 p. :
Otros detalles físicos il. ;
Dimensiones 18 cm.
500 ## - NOTA GENERAL
Nota general Para niños de 8 años
700 12 - ASIENTO SECUNDARIO -- NOMBRE PERSONAL
Nombre personal Binois, Corinne,
Mención de responsabilidad il.
700 12 - ASIENTO SECUNDARIO -- NOMBRE PERSONAL
Nombre personal Testera, Angeles,
Mención de responsabilidad tr.
942 ## - ADDED ENTRY ELEMENTS (KOHA)
Source of classification or shelving scheme Dewey Decimal Classification
Koha item type Libros
945 ## - INFORMACIÓN DE PROCESAMIENTO LOCAL
Información de procesamiento local Inventariado, 2018/MFF
956 ## - LOCAL ELECTRONIC LOCATION AND ACCESS (OCLC)
Método de acceso LOPEREZ
Materiales especificados 10
Enlace 20161214
Campo enlazado y núm. de secuencia BPMSU
Nombre de host 00041
Existencias
Withdrawn status Lost status Source of classification or shelving scheme Damaged status Not for loan Collection code Home library Current library Date acquired Source of acquisition Total Checkouts Barcode Date last seen Price effective from Koha item type
    Dewey Decimal Classification     Colección Infantil General Biblioteca Pública Metropolitana Salomé Ureña Biblioteca Pública Metropolitana Salomé Ureña 12/14/2016 Donación   BPMSU16120316 12/14/2016 12/14/2016 Libros